Music Quiz

Random Music or Classical Quiz

Operas in One Sentence Quiz Stats

 Plays Quiz Updated Feb 18, 2014

Support Sporcle.
Go Orange.
Score 0/14 Timer 10:00
0 Plays Today
Synopsis Opera Title % Correct
A gypsy woman toys with the love of two men, a soldier and a bullfighter.Carmen
87%
A barber helps a nobleman wed his true love using costumes and trickery to outwit his rival.The Barber of Seville
82.9%
A geisha is broken-hearted when her American husband returns from years abroad with a new wife.Madama Butterfly
79.1%
An Egyptian military commander struggles to choose between his love for an Ethiopian princess and his loyalty to the Pharaoh.Aida
75.6%
A royal couple, a noble priest, a bird catcher, and the queen of the night are featured characters in this fantasy setting.The Magic Flute
72.1%
In this adaption of a Shakespeare play, a general suspects that his wife is unfaithful after receiving false information from a trusted confidant.Otello
54.4%
In ancient China, a princess challenges suitors with riddles, until a mysterious prince arrives and offers her a challenge to guess his true name.Turandot
53.2%
Synopsis Opera Title % Correct
In Spain, a woman dresses as a man to rescue her long-imprisoned husband.Fidelio
38.4%
A song contest is the background for romance and philosophizing in 16th century Germany.Die Meistersinger von Nürnberg
33.9%
A nobleman and his new wife elope to his castle, where she finds seven locked doors.Bluebeard's Castle
33.2%
In upper-class Vienna, a young woman is engaged to a boorish man when she meets her true love carrying a silver rose.Der Rosenkavalier
32.6%
The captain of an English warship observes the battle of good and evil when a new crewman comes aboard and has a conflict with the master-at-arms.Billy Budd
29.1%
A selfish hero lives to regret his blasé rejection of a young woman's love and his careless incitement of a fatal duel with his best friend.Eugene Onegin
25.6%
A cursed hero is duped into betraying his beloved; he is murdered, she kills herself, and the world burns.Götterdämmerung
23.7%

You're not logged in!

Compare scores with friends on all Sporcle quizzes.
OR
Log In

From the Vault

5-Letter Geo Blast Pairs

by sproutcm

There is Norway we're going Oslo as putting a geography pun here.
Remove Ads.
Support Sporcle.
Get the best of Sporcle when you Go Orange. This ad-free experience offers more features, more stats, and more fun while also helping to support Sporcle. Thank you for becoming a member.

Show Comments

Extras

Top Quizzes Today


Score Distribution

Your Account Isn't Verified!

In order to create a playlist on Sporcle, you need to verify the email address you used during registration. Go to your Sporcle Settings to finish the process.

Report this User

Report this user for behavior that violates our Community Guidelines.

Details: